<?xml version="1.0" encoding="UTF-8"?><marc:collection xmlns:marc="http://www.loc.gov/MARC21/slim">
  <marc:record>
    <marc:leader>00000cam  2200000zi 4500</marc:leader>
    <marc:controlfield tag="001">9.962530</marc:controlfield>
    <marc:controlfield tag="003">CaOODSP</marc:controlfield>
    <marc:controlfield tag="005">20260504142232</marc:controlfield>
    <marc:controlfield tag="006">m     o  d f      </marc:controlfield>
    <marc:controlfield tag="007">cr mn|||||||||</marc:controlfield>
    <marc:controlfield tag="008">260504t19971997bccab   ob   f000 0 eng d</marc:controlfield>
    <marc:datafield tag="040" ind1=" " ind2=" ">
      <marc:subfield code="a">CaOODSP</marc:subfield>
      <marc:subfield code="b">eng</marc:subfield>
      <marc:subfield code="e">rda</marc:subfield>
      <marc:subfield code="c">CaOODSP</marc:subfield>
    </marc:datafield>
    <marc:datafield tag="041" ind1="0" ind2=" ">
      <marc:subfield code="a">eng</marc:subfield>
      <marc:subfield code="b">eng</marc:subfield>
      <marc:subfield code="b">fre</marc:subfield>
    </marc:datafield>
    <marc:datafield tag="043" ind1=" " ind2=" ">
      <marc:subfield code="a">n-cn-bc</marc:subfield>
      <marc:subfield code="a">pn-----</marc:subfield>
    </marc:datafield>
    <marc:datafield tag="045" ind1=" " ind2=" ">
      <marc:subfield code="a">x6x9</marc:subfield>
    </marc:datafield>
    <marc:datafield tag="086" ind1="1" ind2=" ">
      <marc:subfield code="a">Fs97-4/2409E-PDF</marc:subfield>
      <marc:subfield code="z">Fs97-4/2409E</marc:subfield>
    </marc:datafield>
    <marc:datafield tag="100" ind1="1" ind2=" ">
      <marc:subfield code="a">Olsen, N. H., </marc:subfield>
      <marc:subfield code="e">author.</marc:subfield>
    </marc:datafield>
    <marc:datafield tag="245" ind1="1" ind2="0">
      <marc:subfield code="a">Bottom trawl survey for rockfish off the southwest coast of Vancouver Island, September 9 to 27, 1996 / </marc:subfield>
      <marc:subfield code="c">by N. Olsen, G.D. Workman, and L.J. Richards.</marc:subfield>
    </marc:datafield>
    <marc:datafield tag="264" ind1=" " ind2="1">
      <marc:subfield code="a">Nanaimo, British Columbia : </marc:subfield>
      <marc:subfield code="b">Fisheries and Oceans Canada, Science Branch, Pacific Region, Pacific Biological Station, </marc:subfield>
      <marc:subfield code="c">1997.</marc:subfield>
    </marc:datafield>
    <marc:datafield tag="264" ind1=" " ind2="4">
      <marc:subfield code="c">©1997</marc:subfield>
    </marc:datafield>
    <marc:datafield tag="300" ind1=" " ind2=" ">
      <marc:subfield code="a">1 online resource (iv, 83 pages) : </marc:subfield>
      <marc:subfield code="b">illustrations, maps.</marc:subfield>
    </marc:datafield>
    <marc:datafield tag="336" ind1=" " ind2=" ">
      <marc:subfield code="a">text</marc:subfield>
      <marc:subfield code="b">txt</marc:subfield>
      <marc:subfield code="2">rdacontent</marc:subfield>
    </marc:datafield>
    <marc:datafield tag="337" ind1=" " ind2=" ">
      <marc:subfield code="a">computer</marc:subfield>
      <marc:subfield code="b">c</marc:subfield>
      <marc:subfield code="2">rdamedia</marc:subfield>
    </marc:datafield>
    <marc:datafield tag="338" ind1=" " ind2=" ">
      <marc:subfield code="a">online resource</marc:subfield>
      <marc:subfield code="b">cr</marc:subfield>
      <marc:subfield code="2">rdacarrier</marc:subfield>
    </marc:datafield>
    <marc:datafield tag="490" ind1="1" ind2=" ">
      <marc:subfield code="a">Canadian manuscript report of fisheries and aquatic sciences, </marc:subfield>
      <marc:subfield code="y">0706-6473 ; </marc:subfield>
      <marc:subfield code="v">2409</marc:subfield>
    </marc:datafield>
    <marc:datafield tag="500" ind1=" " ind2=" ">
      <marc:subfield code="a">Digitized edition from print [produced by Department of Fisheries and Oceans].</marc:subfield>
    </marc:datafield>
    <marc:datafield tag="504" ind1=" " ind2=" ">
      <marc:subfield code="a">Includes bibliographical references (pages 9-10).</marc:subfield>
    </marc:datafield>
    <marc:datafield tag="520" ind1="3" ind2=" ">
      <marc:subfield code="a">"A bottom trawl survey for rockfish was conducted by the fishing vessel CALEDONIAN off the southwest coast of Vancouver Island from September 9 to 27, 1996. Objectives of the survey were to estimate the relative biomass of the Pacific ocean perch stock in the major statistical Area 3C and a portion of Area 3D, and to collect biological samples for several rockfish species. Biomass estimates from this survey were compared to previous surveys conducted between 1965 and 1972 by the RIV G.B. REED, in 1979 by the FN ARCTIC HARVESTER, and in 1986 by the FN HOWE BAY. Biological information was collected for Pacific ocean perch, (Sebastes alutus), yellowmouth rockfish (S. reedi), redstripe rockfish (S. proriger), splitnose rockfish (S. diploproa), redbanded rockfish (S. babcocki), sharpchin rockfish (S. zacentrus), rougheye rockfish (S. aleutianus), greenstriped rockfish (S. elongatus), shortspine thomyhead (Sebastolobus alascanus), and sablefish (Anoplopomafimbria) caught during the survey. Pacific ocean perch relative biomass was estimated to be between 2,095-2,358 tonnes and 1,630-2,885 tonnes using classical and bootstrap methods, respectively, while shortspine thomyhead relative biomass was estimated to be between 105-117 tonnes and 85-137 tonnes, respectively. Pacific ocean perch was by far the most abundant rockfish species by weight, followed by sharpchin rockfish, and splitnose rockfish"--Abstract, page iii.</marc:subfield>
    </marc:datafield>
    <marc:datafield tag="546" ind1=" " ind2=" ">
      <marc:subfield code="a">Includes abstracts in English and French.</marc:subfield>
    </marc:datafield>
    <marc:datafield tag="650" ind1=" " ind2="0">
      <marc:subfield code="a">Sebastes</marc:subfield>
      <marc:subfield code="z">British Columbia</marc:subfield>
      <marc:subfield code="z">Pacific Coast.</marc:subfield>
    </marc:datafield>
    <marc:datafield tag="650" ind1=" " ind2="0">
      <marc:subfield code="a">Pacific ocean perch</marc:subfield>
      <marc:subfield code="z">British Columbia</marc:subfield>
      <marc:subfield code="z">Pacific Coast.</marc:subfield>
    </marc:datafield>
    <marc:datafield tag="650" ind1=" " ind2="0">
      <marc:subfield code="a">Sebastes populations</marc:subfield>
      <marc:subfield code="z">British Columbia</marc:subfield>
      <marc:subfield code="z">Pacific Coast.</marc:subfield>
    </marc:datafield>
    <marc:datafield tag="650" ind1=" " ind2="0">
      <marc:subfield code="a">Fish surveys</marc:subfield>
      <marc:subfield code="z">British Columbia</marc:subfield>
      <marc:subfield code="z">Pacific Coast.</marc:subfield>
    </marc:datafield>
    <marc:datafield tag="650" ind1=" " ind2="6">
      <marc:subfield code="a">Sébastes</marc:subfield>
      <marc:subfield code="z">Colombie-Britannique</marc:subfield>
      <marc:subfield code="z">Pacifique, Côte du.</marc:subfield>
    </marc:datafield>
    <marc:datafield tag="650" ind1=" " ind2="6">
      <marc:subfield code="a">Sébaste à longue mâchoire</marc:subfield>
      <marc:subfield code="z">Colombie-Britannique</marc:subfield>
      <marc:subfield code="z">Pacifique, Côte du.</marc:subfield>
    </marc:datafield>
    <marc:datafield tag="650" ind1=" " ind2="6">
      <marc:subfield code="a">Sébastes</marc:subfield>
      <marc:subfield code="x">Populations</marc:subfield>
      <marc:subfield code="z">Colombie-Britannique</marc:subfield>
      <marc:subfield code="z">Pacifique, Côte du.</marc:subfield>
    </marc:datafield>
    <marc:datafield tag="650" ind1=" " ind2="6">
      <marc:subfield code="a">Inventaires ichtyologiques</marc:subfield>
      <marc:subfield code="z">Colombie-Britannique</marc:subfield>
      <marc:subfield code="z">Pacifique, Côte du.</marc:subfield>
    </marc:datafield>
    <marc:datafield tag="710" ind1="1" ind2=" ">
      <marc:subfield code="a">Canada. </marc:subfield>
      <marc:subfield code="b">Department of Fisheries and Oceans, </marc:subfield>
      <marc:subfield code="e">issuing body.</marc:subfield>
    </marc:datafield>
    <marc:datafield tag="710" ind1="2" ind2=" ">
      <marc:subfield code="a">Pacific Biological Station (1972- ), </marc:subfield>
      <marc:subfield code="e">issuing body.</marc:subfield>
    </marc:datafield>
    <marc:datafield tag="830" ind1="#" ind2="0">
      <marc:subfield code="a">Canadian manuscript report of fisheries and aquatic sciences ;</marc:subfield>
      <marc:subfield code="v">2409.</marc:subfield>
      <marc:subfield code="w">(CaOODSP)9.505211</marc:subfield>
    </marc:datafield>
    <marc:datafield tag="856" ind1="4" ind2="0">
      <marc:subfield code="q">PDF</marc:subfield>
      <marc:subfield code="s">3.42 MB</marc:subfield>
      <marc:subfield code="u">https://publications.gc.ca/collections/collection_2026/mpo-dfo/fs97-4/Fs97-4-2409-eng.pdf</marc:subfield>
    </marc:datafield>
  </marc:record>
</marc:collection>
